| 000 | 00997nam a2200253 a 4500 | ||
|---|---|---|---|
| 001 | 000020808 | ||
| 005 | 20240418073804.0 | ||
| 008 | 100817s1999 sp abc 001 0 spa d | ||
| 020 | _a8483221527 | ||
| 040 |
_aDO-SdBNP _bspa _cBPJMB |
||
| 041 | 1 | 7 |
_aspa _heng _2Código de idiomas MARC |
| 082 |
_a301 _bM152s |
||
| 100 | 1 |
_aMacionis, John J., _943617 |
|
| 245 | 1 | 0 |
_aSociología / _cJohn J. Macionis, Ken Plummer ; traducción de Roberto Garvía, Celia Valiente, Santiago Pérez-Nievas y Laura Morales ; colaboración de Rosalía Mota, Francisco Javier Moreno-Fuentes y María Fernández Mellizo-Soto. |
| 260 |
_aMadrid : _bPrentice Hall, _c1999. |
||
| 300 |
_a704 p. : _bil., retrs, mapas ; _c26 cm. |
||
| 504 | _aBibliografías: p. 677-695. | ||
| 650 | 0 |
_aSociología _91061 |
|
| 700 | 1 |
_aPlummer, Ken, _943618 |
|
| 700 | 1 |
_aGarvía, Roberto, _etr. _943619 |
|
| 700 | 1 |
_aValiente, Celia, _etr. _943620 |
|
| 700 | 1 |
_aPérez-Nievas, Santiago, _etr. _943621 |
|
| 700 | 1 |
_aMorales, Laura, _etr. _943622 |
|
| 999 |
_c20312 _d20312 |
||